|
|
|
|
| LEADER |
00000nam a22000007a 4500 |
| 005 |
20131126161116.0 |
| 007 |
cr|||| |||| |
| 008 |
131126s2013 es |||||s|||| 00||0 spa d |
| 020 |
|
|
|a 978-84-9031-319-0
|
| 035 |
|
|
|a 11615
|
| 040 |
|
|
|a vLex
|
| 090 |
|
|
|c 4568
|d 4568
|
| 100 |
1 |
|
|a Cabǹ Vales, Pedro Juan
|
| 245 |
1 |
3 |
|a La responsabilidad civil por vicios de la construccin̤ en Espaą y Puerto Rico
|h [Recurso electrn̤ico] /
|c Pedro Juan Cabǹ Vales
|
| 256 |
|
|
|a Servicio en ln̕ea
|
| 260 |
|
|
|a Madrid :
|b Dykinson,
|c 2013
|
| 300 |
|
|
|a 1 recurso electrn̤ico
|
| 506 |
1 |
|
|a Contenido solo disponible en los productos indicados
|d vLex Global
|d vLex Global (Academic Edition, excluding Law Schools)
|d vLex Global (U.S. Academic Edition, Law Schools)
|d vLex Global (U.S. Academic Edition, excluding Law Schools)
|d vLex Global (Academic Edition, Law Schools)
|
| 650 |
0 |
4 |
|a Derecho civil
|
| 650 |
0 |
4 |
|a Construccin̤
|x Derecho y legislacin̤
|
| 740 |
0 |
|
|a vLex Libros (Servicio en ln̕ea)
|
| 856 |
4 |
0 |
|u http://vlex.com/source/responsabilidad-civil-por-vicios-de-la-construccion-en-espa-a-y-puerto-rico-11615
|z Acceso restringido
|
| 942 |
|
|
|c BOOK
|
| 999 |
0 |
|
|a Building laws
|
| 999 |
0 |
|
|a Civil laws
|